| 000 | 00653nam a2200253 a 4500 | ||
|---|---|---|---|
| 003 | AR-BaBNM | ||
| 005 | 20251128205820.0 | ||
| 008 | 082120s2002 ||||||||||||||000 | spa|| | ||
| 020 | _a88-7573-292-2 | ||
| 040 | _cAR-BaBNM | ||
| 100 | 1 | _aPaganini, Gloria | |
| 245 | 0 | 0 |
_aIssimo _bquaderno di scrittura : livello avanzato |
| 260 |
_aRoma _bBonacci _c1994 |
||
| 300 |
_a251 p. _bil. |
||
| 650 | 4 | _aITALIANO | |
| 650 | 4 | _aLENGUAS ROMANCES | |
| 650 | 4 | _aENSEÑANZA DE IDIOMAS | |
| 650 | 4 | _aACTIVIDADES DE APRENDIZAJE | |
| 650 | 4 | _aGRAMATICA | |
| 650 | 4 | _aENSEÑANZA DEL VOCABULARIO | |
| 650 | 4 | _aVOCABULARIO | |
| 942 | _cBK | ||
| 998 | _cMARTIN | ||
| 999 |
_c12919 _d12919 |
||